Activities Quiz Stats

Quiz not verified by Sporcle

Challenge
Share
Tweet
Embed
Score 0/20 Timer 02:00
0 Plays Today
% Correct
75%
75%
75%
75%
75%
75%
bailar
62.5%
62.5%
62.5%
62.5%
% Correct
62.5%
62.5%
62.5%
62.5%
62.5%
62.5%
62.5%
62.5%
62.5%
50%

You're not logged in!

Compare scores with friends on all Sporcle quizzes.
Join for Free
OR
Log In

You Might Also Like...

Show Comments

Extras

Created Jan 17, 2013ReportNominate
Tags:Clickable Quiz, activity

Top Quizzes Today


Score Distribution

Your Account Isn't Verified!

In order to create a playlist on Sporcle, you need to verify the email address you used during registration. Go to your Sporcle Settings to finish the process.

Report this User

Report this user for behavior that violates our Community Guidelines.

Details: